Propiedades físicas del fibrocemento

Gorde:
Xehetasun bibliografikoak
Egile nagusia: León Orozco, Jorge Luis
Formatua: Liburua
Argitaratua: San José, Costa Rica 1989
Gaiak:
Etiketak: Etiketa erantsi
Etiketarik gabe, Izan zaitez lehena erregistro honi etiketa jartzen!

MARC

LEADER 00000nam a2200000Ia 4500
003 005234
005 20221231144327.0
008 140114s1989 cr a m 000 ||s d
040 |c cru CEDI 
090 |a TFG 2489 
100 |a León Orozco, Jorge Luis  |9 12719 
245 |a Propiedades físicas del fibrocemento 
260 |c 1989  |a San José, Costa Rica 
300 |a  v, [200] hojas : ilustraciones ; 28 cm  
500 |a  Práctica dirigida (licenciatura en ingeniería química)--Universidad de Costa Rica. Facultad de Ingeniería. Escuela de Ingeniería Química 
650 |x ASBESTO -- CEMENTO  |9 12720 
942 |c TFG 
999 |c 20219  |d 20219